Chinh phục toàn diện ngữ pháp tiếng Anh bằng infographic
Giới thiệu các chuyên đề lý thuyết và bài tập ngữ pháp Tiếng Anh từ cơ bản đến nâng cao được trình bày dưới dạng infographic bao gồm: Cụm động từ, thể bị động, liên từ, sự hoà hợp giữa chủ ngữ và động từ, giả định thức, câu gián...
Saved in:
| Format: | Book |
|---|---|
| Language: | Undetermined |
| Published: |
Hà Nội
Đại học Quốc gia Hà Nội
2019
|
| Subjects: | |
| Tags: |
Add Tag
No Tags, Be the first to tag this record!
|
| Institutions: | Trung tâm Học liệu Trường Đại học Cần Thơ |
|---|
| LEADER | 01055nam a2200205Ia 4500 | ||
|---|---|---|---|
| 001 | CTU_232305 | ||
| 008 | 210402s9999 xx 000 0 und d | ||
| 020 | |c 150000 | ||
| 082 | |a 425 | ||
| 082 | |b Ch312/T.2 | ||
| 245 | 0 | |a Chinh phục toàn diện ngữ pháp tiếng Anh bằng infographic | |
| 245 | 0 | |c Hà Thị Như Hoa ... [et al.] | |
| 260 | |a Hà Nội | ||
| 260 | |b Đại học Quốc gia Hà Nội | ||
| 260 | |c 2019 | ||
| 520 | |a Giới thiệu các chuyên đề lý thuyết và bài tập ngữ pháp Tiếng Anh từ cơ bản đến nâng cao được trình bày dưới dạng infographic bao gồm: Cụm động từ, thể bị động, liên từ, sự hoà hợp giữa chủ ngữ và động từ, giả định thức, câu gián tiếp, mệnh đề và đảo ngữ | ||
| 650 | |a Tiếng Anh,English language | ||
| 650 | |x Ngữ pháp,Grammar | ||
| 910 | |b nthai | ||
| 980 | |a Trung tâm Học liệu Trường Đại học Cần Thơ | ||